000
00302pam a2200133 a 4500
020
_c
041
_h
100
_a
Vishwas B. Sawarkar,
_e
Author.
245
_a
A Guid For Planning Wildlife Management
_h
Textual Documents
250
_a
1st.
260
_a
[s.l]:
_b
Na
300
_a
335.
930
_a
2347
999
_c
248198
_d
248198